000
00209 a2200097 4500
001
1135
100
_a
Wakefiled,G.G
245
_a
Aircraft electrical engineering
260
_a
_b
Chapman
_c
090
_c
697
_d
697
942
_a
NUST-CAE
_c
M
_c
33566
999
_c
236208
_d
236208